| 000 | 00653cam8a220018100 4500 | ||
|---|---|---|---|
| 001 | zam00009952 | ||
| 008 | 970717n xx eng u | ||
| 035 | _a(Sirsi) r139952 | ||
| 040 | _dUPRA | ||
| 100 |
_aCorea, Ernest. _6A105105.1 |
||
| 245 | 1 | 0 | _aBeyond dialogue. |
| 260 |
_aOttawa : _bBalmuir Book Pub. Ltd. |
||
| 520 | _aThe author emphasises the need for North to South Cooperation in order to uplift the economies of the Third World. | ||
| 650 | 4 |
_aEconomic Cooperation. _6S59596.2 |
|
| 650 | 4 |
_aThird World -- South to North dialogue. _xThird World -- South to North dialogue. _6S76197.1 |
|
| 949 | 1 | 0 |
_mINESOR _tBOOK _lON-SHELF |
| 004 | 139952 | ||
| 999 |
_c28568 _d28568 |
||